000 00621nam a2200241Ia 4500
003 OSt
005 20220924120003.0
006 a|||||r|||| 00| 0
007 ta
008 220923b |||||||| |||| 00| 0 urd d
024 _a266893
037 _cTextual
040 _aARTS
_cARTS
_burd
041 _2urd
_aurd
082 _aQ7:396, 168H1
100 _aSayed Ahmad
_9180356
245 0 _aWahi Ilahi
260 _aDelhi
_bJaid press India
_c1941
650 _a REVELATION
_9180357
650 _aISLAM
_9577
942 _hQ7:396, 168H1
_cTEXL
_2CC
999 _c400786
_d400786